Finančné zdroje podniku bakalárska práca

Na minha lista:
Detalhes bibliográficos
Autor principal: Blašková, Natália
Autor Corporativo: Fakulta podnikového manažmentu EU. Katedra podnikových financií
Outros Autores: Kalusová, Lenka, 1987-
Formato: Livro
Idioma:eslovaco
Publicado em: Bratislava 2013
Tags: Adicionar Tag
Sem tags, seja o primeiro a adicionar uma tag!

MARC

LEADER 00000nbm a2200000 4500
001 0172921
005 20161109112126.2
041 0 |a slo 
044 |a SK 
245 1 0 |a Finančné zdroje podniku  |b bakalárska práca  |c Natália Blašková ; školiteľ: Lenka Kalusová 
264 1 |a Bratislava  |c 2013 
300 |a 53 s. 
100 1 |a Blašková, Natália 
700 1 |a Kalusová, Lenka, 1987- 
710 2 |a Fakulta podnikového manažmentu EU. Katedra podnikových financií